CorelDRAW X4 : (Record no. 19035)

MARC details
000 -LEADER
fixed length control field 00908nam a22002538a 4500
005 - DATE AND TIME OF LATEST TRANSACTION
control field 20081024151702.0
008 - FIXED-LENGTH DATA ELEMENTS--GENERAL INFORMATION
fixed length control field 080717s2008 nyu 000 0 eng
010 ## - LCCN (DPL NO)
LC control number ENG-91786
020 ## - INTERNATIONAL STANDARD BOOK NUMBER
International Standard Book Number 9780070248779
Terms of availability 650.00
020 ## - INTERNATIONAL STANDARD BOOK NUMBER
International Standard Book Number 007024877X
Terms of availability 650.00
035 ## - SYSTEM CONTROL NUMBER
System control number EN-75319
037 ## - SOURCE OF ACQUISITION
Source of stock number/acquisition DBAD / PUB
040 ## - CATALOGING SOURCE
Original cataloging agency dpl
Language of cataloging English
082 ## - DEWEY DECIMAL CLASSIFICATION NUMBER
Classification number 006.686
100 ## - MAIN ENTRY--PERSONAL NAME
Personal name Bouton, Gary David,
245 ## - TITLE STATEMENT
Title CorelDRAW X4 :
Remainder of title the official guide /
Statement of responsibility, etc by Gary David Bouton.
260 ## - PUBLICATION, DISTRIBUTION, ETC. (IMPRINT)
Place of publication, distribution, etc New Delhi
Name of publisher, distributor, etc Tata McGraw-Hill Publishing
Date of publication, distribution, etc 2008.
300 ## - PHYSICAL DESCRIPTION
Extent xxxii, 892p.:
Other physical details b&w photos; ill.
Dimensions 25cm (pbk)
500 ## - GENERAL NOTE
General note Includes index
650 ## - SUBJECT ADDED ENTRY--TOPICAL TERM
Topical term or geographic name as entry element CorelDRAW!
650 ## - SUBJECT ADDED ENTRY--TOPICAL TERM
Topical term or geographic name as entry element Computer graphics.
942 ## - ADDED ENTRY ELEMENTS (KOHA)
Source of classification or shelving scheme Dewey Decimal Classification
Item type English Books
Classification part 006.686
Call number suffix BOU
Holdings
Withdrawn status Lost status Source of classification or shelving scheme Damaged status Not for loan Collection code Home library Current library Date acquired Source of acquisition Cost, normal purchase price Total Checkouts Full call number Barcode Date last seen Copy number Cost, replacement price Koha item type
    Dewey Decimal Classification   Not For Loan Non-fiction D.B.Act.Division D.B.Act.Division 24/11/2008 DBAD / PUB 650.00   006.686 BOU EN-75319 24/11/2008 1 650.00 English Books

© Delhi Public Library
Hit Counter
free hit counter